Alienation : the cultural climate of our time : victims, perspectives /

Este libro es una recopilación de ensayos sociales y textos literarios sobre el fenómeno social de la "alienación" en las culturas contemporáneas. Los autores son de diversos campos, credos y épocas. Mencionamos sólo algunos: F. Fromm, S. Giedion, G. Herling, E. Kahler, S. Kunitz, J. Agee, Henry Mil...

Descripció completa

Guardat en:
Dades bibliogràfiques
Autor principal: Sykes, Gerald (ed.)
Format: Llibre
Idioma:anglès
Publicat: Nueva York, EUA : George Braziller, 1964
Matèries:
Etiquetes: Afegir etiqueta
Sense etiquetes, Sigues el primer a etiquetar aquest registre!

MARC

LEADER 00000nam^a2200000^a^4500
001 000019889
005 20250521000000.0
009 20260310084314.639
037 |a Acervo ITESO - Biblioteca 
041 |a ING 
082 |a 302. 5  |b SYK V. 1 
100 |a Sykes, Gerald  |e (ed.) 
245 1 0 |a Alienation :  |b the cultural climate of our time : victims, perspectives /  |c Ed. de G. Sykes. 
264 1 |a Nueva York, EUA :  |b George Braziller,  |c 1964 
300 |a 2 v. 
336 |a texto  |b txt  |2 rdacontenido 
337 |a sin mediación  |b n  |2 rdamedio 
338 |a volumen  |b nc  |2 rdasoporte 
520 |a Este libro es una recopilación de ensayos sociales y textos literarios sobre el fenómeno social de la "alienación" en las culturas contemporáneas. Los autores son de diversos campos, credos y épocas. Mencionamos sólo algunos: F. Fromm, S. Giedion, G. Herling, E. Kahler, S. Kunitz, J. Agee, Henry Miller, E. Dahlberg, P. Goldman, R. Ellison, Norman Mailer, William Burroughs, P. Viereck, K. Rexroth, Marcel Proust, Jean Genet, Sherwood Anderson, W.H. Auden, F. Fitzgerald, G. Santayana, Paul Valery, Walt Whitman, Henry James, Ivan Turgenev, Arthur Koestler, Alejo Carpentier, Gabriel Marcel, E.E. Cummings, etc. 
649 |a XX 
650 |a Alienación 
650 |a Interacción Social 
650 |a Sociología 
910 |a Fondo General 
920 |a Impresos - Libros 
930 |a Colección General 
905 |a 101 
901 |a 0198890100  |b IT1  |c ACC  |i 019889  |u 20250521 
902 |a https://opac.biblio.iteso.mx/vufind/Record/000019889